000 01378nkm a2200313 i 4500
001 3750
003 ES-MaACL
005 20250713062814.0
007 khrbo
008 070607s1986 sp --- g |001||spa d
100 0 _aAlfonso,
_d1902-1990
_919858
245 1 0 _aLectura dramatizada de "Una comedia de encargo" de Pilar Pombo [
_hFotografía] /
_cAlfonso (sello).
260 _a[S.l. :
_bs.n.],
_c1986.
300 _a6 fot. :
_bb. y n. ;
_c12 x 18 cm.
500 _aDatos basados en invitación.
511 0 _aIntervienen: Amparo Soto, Michele Bonefu, Ramón Centinero; dirección: Eduardo Sánchez Torel; presentación: Julia García Verdugo.
518 _aActo organizado por el Ateneo de Madrid a propuesta de la Sección de Teatro, celebrado en el salón de actos el jueves, 20 de marzo de 1986, a las 20:00 h.
600 1 4 _aPombo, Pilar.
_992910
600 1 4 _aSoto, Amparo.
_9107476
600 1 4 _aBonefu, Michele.
_930101
600 1 4 _aCentinero, Ramón.
_937421
600 1 4 _aSánchez Torel, Eduardo.
_9102954
600 1 4 _aGarcía Verdugo, Julia.
_955396
610 2 4 _aAteneo de Madrid-
_xActos culturales-
_y1986-
_vFotografías.
_91901
710 2 _aAteneo de Madrid.
_bSección de Teatro.
_92010
852 _aES-MaACL
_jFOT 72/1986
856 4 _uhttp://www.ateneodemadrid.net/biblioteca_digital/imagenes/1986/0072-1986.jpg
_zVer imagen
999 _c3750
_d3750